[Event "Rio de Janeiro Brazil op"]
[Site "Rio de Janeiro"]
[Date "2010.02.20"]
[Round "3"]
[White "Brunner Beamud, Alfonso"]
[Black "Ferreira, Kleber Victor"]
[Result "1/2-1/2"]
[WhiteElo "2038"]
[BlackElo "2112"]
[PlyCount "46"]
[EventDate "2010.02.19"]
[EventType "swiss"]
[EventRounds "6"]
[EventCountry "BRA"]
[SourceTitle "CBM 134 Extra"]
[Source "ChessBase"]
[SourceDate "2010.03.03"]
[SourceVersion "1"]
[SourceVersionDate "2010.03.03"]
[SourceQuality "1"]

1. d4 c5 2. Nf3 cxd4 3. Nxd4 d5 4. e3 e5 5. Nf3 Nc6 6. Bb5 Bd6 7. c4 dxc4 8. Bxc4 Nf6 9. Nc3 0-0 10. e4 h6 11. h3 Qe7 12. Be3 Na5 13. Nd5 Qd8 14. Nxf6+ Qxf6 15. Bd5 Rd8 16. Rc1 Nc6 17. 0-0 Ne7 18. Bb3 Ng6 19. Qe2 Nf4 20. Bxf4 Qxf4 21. Rfe1 Qf6 22. Nd2 Bd7 23. Bc4 Bb4 1/2-1/2

[Event "Rio de Janeiro CXG op 3rd"]
[Site "Rio de Janeiro"]
[Date "2009.10.24"]
[Round "6.6"]
[White "Brunner Beamud, Alfonso"]
[Black "Rabello, David Sousa"]
[Result "0-1"]
[WhiteElo "2061"]
[BlackElo "1976"]
[PlyCount "64"]
[EventDate "2009.09.19"]
[EventType "swiss"]
[EventRounds "7"]
[EventCountry "BRA"]
[SourceTitle "EXT 2022"]
[Source "ChessBase"]
[SourceDate "2021.10.06"]
[SourceVersion "1"]
[SourceVersionDate "2021.10.06"]
[SourceQuality "1"]

1. d4 Nf6 2. c4 g6 3. Nc3 d5 4. e3 Bg7 5. Nf3 0-0 6. Bd3 Nc6 7. 0-0 Bg4 8. b3 e5 9. cxd5 Nxd5 10. Nxd5 Qxd5 11. e4 Qd8 12. d5 Nd4 13. Be2 Nxe2+ 14. Qxe2 f5 15. Ba3 Rf7 16. Rad1 fxe4 17. Qxe4 Bxf3 18. gxf3 Rf4 19. Qe3 Qg5+ 20. Kh1 Qh5 21. Rg1 Rxf3 22. Qe2 Qf5 23. Rg2 e4 24. Bb2 Bxb2 25. Qxb2 Rd8 26. Qc2 Rxd5 27. Rxd5 Qxd5 28. Qxc7 e3 29. Qb8+ Kg7 30. Qc7+ Kh6 31. Qe7 exf2 32. Qh4+ Kg7 0-1

[Event "Rio de Janeiro CXG op 3rd"]
[Site "Rio de Janeiro"]
[Date "2009.10.17"]
[Round "5.4"]
[White "Chauca, Jose Luis Murga"]
[Black "Brunner Beamud, Alfonso"]
[Result "1-0"]
[WhiteElo "2057"]
[BlackElo "2061"]
[PlyCount "53"]
[EventDate "2009.09.19"]
[EventType "swiss"]
[EventRounds "7"]
[EventCountry "BRA"]
[SourceTitle "EXT 2022"]
[Source "ChessBase"]
[SourceDate "2021.10.06"]
[SourceVersion "1"]
[SourceVersionDate "2021.10.06"]
[SourceQuality "1"]

1. d4 Nf6 2. Nf3 d5 3. c4 c6 4. e3 Bg4 5. Nc3 e6 6. Bd3 Bd6 7. h3 Bh5 8. Bd2 0-0 9. Qc2 Bg6 10. Bxg6 hxg6 11. e4 dxe4 12. Nxe4 Nxe4 13. Qxe4 Nd7 14. 0-0 Qf6 15. Rfe1 Qf5 16. Qe2 c5 17. g4 Qc2 18. b3 cxd4 19. Nxd4 Qb2 20. Be3 Qxe2 21. Rxe2 Rfd8 22. Nb5 Bc5 23. Rd1 Bxe3 24. fxe3 a6 25. Red2 axb5 26. cxb5 g5 27. a4 1-0

[Event "Rio de Janeiro CXG op 3rd"]
[Site "Rio de Janeiro"]
[Date "2009.09.19"]
[Round "1.7"]
[White "Brunner Beamud, Alfonso"]
[Black "Machado, Wallace Fernandes"]
[Result "1-0"]
[WhiteElo "2061"]
[BlackElo "1914"]
[PlyCount "115"]
[EventDate "2009.09.19"]
[EventType "swiss"]
[EventRounds "7"]
[EventCountry "BRA"]
[SourceTitle "EXT 2022"]
[Source "ChessBase"]
[SourceDate "2021.10.06"]
[SourceVersion "1"]
[SourceVersionDate "2021.10.06"]
[SourceQuality "1"]

1. d4 d5 2. Nf3 c6 3. c4 e6 4. Nc3 Nf6 5. e3 Bd6 6. Bd3 0-0 7. b3 dxc4 8. bxc4 Qe7 9. 0-0 Nbd7 10. e4 Bb4 11. Qb3 Rd8 12. e5 Ne8 13. Rb1 Bxc3 14. Qxc3 h6 15. Ba3 c5 16. Be4 Rb8 17. Qe3 b6 18. dxc5 bxc5 19. Rxb8 Nxb8 20. Bxc5 Qd7 21. Bxa7 Ba6 22. Rc1 f5 23. exf6 Nxf6 24. Bxb8 Nxe4 25. Qxe4 Rxb8 26. h3 Rd8 27. c5 Bd3 28. Qe3 Bb5 29. c6 Qd6 30. c7 Rc8 31. Qd4 Qa6 32. Qd8+ Kh7 33. Qd2 Bc4 34. Qc2+ Bd3 35. Qb3 Be4 36. Nd2 Bd5 37. Qc2+ Kh8 38. a4 Qb7 39. f3 Qa7+ 40. Kh1 Qa5 41. Ne4 Bxe4 42. fxe4 Kg8 43. Qc6 Kh7 44. Qb7 Qd2 45. Rb1 Qd7 46. Rc1 Qd2 47. Qc6 Qe3 48. a5 Qa3 49. a6 Rxc7 50. Qxc7 Qxa6 51. Rc6 Qf1+ 52. Kh2 Qf6 53. Qd6 Kh8 54. Rc8+ Kh7 55. Re8 Qf7 56. Rxe6 Qf2 57. Qe5 Qh4 58. Qf5+ 1-0

[Event "Rio de Janeiro CXG op 05"]
[Site "Rio de Janeiro"]
[Date "2009.05.23"]
[Round "3"]
[White "Murga, Jose Luis Chauca"]
[Black "Brunner Beamud, Alfonso"]
[Result "0-1"]
[WhiteElo "2098"]
[BlackElo "2029"]
[PlyCount "73"]
[EventDate "2009.05.09"]
[EventType "swiss"]
[EventRounds "7"]
[EventCountry "BRA"]
[SourceTitle "EXT 2012"]
[Source "ChessBase"]
[SourceDate "2011.11.24"]
[SourceVersion "1"]
[SourceVersionDate "2011.11.24"]
[SourceQuality "1"]

1. e4 d6 2. d4 Nf6 3. Nc3 g6 4. f4 Bg7 5. Nf3 0-0 6. Bd3 Nc6 7. h3 Nb4 8. Be3 Nxd3+ 9. cxd3 b6 10. Qd2 c5 11. d5 e6 12. dxe6 fxe6 13. Ne2 Bb7 14. Rc1 Rc8 15. b3 d5 16. e5 d4 17. Bf2 Nd5 18. 0-0 h6 19. a3 a5 20. Bh4 Qd7 21. Nh2 Ne3 22. Rf2 Qd5 23. Ng3 g5 24. fxg5 Rxf2 25. Qxf2 Nxg2 26. Ne4 Nxh4 27. Ng4 Qxb3 28. Nef6+ Kf8 29. Nh7+ Ke7 30. Qxh4 h5 31. g6+ Kd7 32. Rf1 Kc7 33. Rf7+ Kb8 34. Qe7 Qd5 35. Kf2 hxg4 36. Rxg7 Qf3+ 37. Ke1 0-1

[Event "Rio de Janeiro Bento da Silva op"]
[Site "Rio de Janeiro"]
[Date "2008.03.15"]
[Round "5"]
[White "Brunner Beamud, Alfonso"]
[Black "Campos, Alexandre Ferreira"]
[Result "0-1"]
[WhiteElo "2085"]
[BlackElo "2148"]
[PlyCount "56"]
[EventDate "2008.02.16"]
[EventType "swiss"]
[EventRounds "7"]
[EventCountry "BRA"]
[SourceTitle "EXT 2009"]
[Source "ChessBase"]
[SourceDate "2008.11.26"]
[SourceVersion "1"]
[SourceVersionDate "2008.11.26"]
[SourceQuality "1"]

1. e4 d5 2. exd5 Nf6 3. Nc3 Nxd5 4. Nxd5 Qxd5 5. d4 Nc6 6. Nf3 Bg4 7. Be2 0-0-0 8. Be3 e5 9. 0-0 e4 10. Ne5 Nxe5 11. Bxg4+ Nxg4 12. Qxg4+ f5 13. Qe2 Rg8 14. c4 Qd7 15. d5 a6 16. Rfd1 Qf7 17. Qd2 g5 18. Qa5 Rg6 19. Rac1 Bd6 20. c5 Bxh2+ 21. Kxh2 Rxd5 22. Kg1 f4 23. Rxd5 fxe3 24. Rd8+ Kxd8 25. Rd1+ Kc8 26. fxe3 Rf6 27. Qd2 Kb8 28. Qd5 Rf1+ 0-1

[Event "Rio de Janeiro Bento da Silva op"]
[Site "Rio de Janeiro"]
[Date "2008.03.01"]
[Round "3"]
[White "Maia, Marco Aurelio Ferre"]
[Black "Brunner Beamud, Alfonso"]
[Result "1/2-1/2"]
[WhiteElo "2136"]
[BlackElo "2085"]
[PlyCount "66"]
[EventDate "2008.02.16"]
[EventType "swiss"]
[EventRounds "7"]
[EventCountry "BRA"]
[SourceTitle "EXT 2009"]
[Source "ChessBase"]
[SourceDate "2008.11.26"]
[SourceVersion "1"]
[SourceVersionDate "2008.11.26"]
[SourceQuality "1"]

1. d4 Nf6 2. c4 c5 3. d5 b5 4. cxb5 a6 5. Qc2 d6 6. e4 g6 7. Nc3 Bg7 8. Nf3 0-0 9. Be2 Bd7 10. 0-0 axb5 11. Bxb5 Bxb5 12. Nxb5 Qb6 13. a4 Na6 14. Bd2 Rfc8 15. Bc3 Nb4 16. Qe2 Nd7 17. Bxg7 Kxg7 18. Nd2 Ne5 19. Nc4 Nxc4 20. Qxc4 Qb7 21. b3 Na6 22. f4 Nc7 23. Nxc7 Qxc7 24. Rfe1 Rcb8 25. Qc3+ Kg8 26. e5 Qa5 27. Qe3 Qb4 28. f5 Qd4 29. fxg6 hxg6 30. e6 f6 31. Qxd4 cxd4 32. Rad1 Rxb3 33. Rxd4 Ra3 1/2-1/2

[Event "Rio de Janeiro Bento da Silva op"]
[Site "Rio de Janeiro"]
[Date "2008.02.23"]
[Round "2"]
[White "Brunner Beamud, Alfonso"]
[Black "Ramos, Angelo Bil"]
[Result "0-1"]
[WhiteElo "2085"]
[BlackElo "2210"]
[PlyCount "54"]
[EventDate "2008.02.16"]
[EventType "swiss"]
[EventRounds "7"]
[EventCountry "BRA"]
[SourceTitle "EXT 2009"]
[Source "ChessBase"]
[SourceDate "2008.11.26"]
[SourceVersion "1"]
[SourceVersionDate "2008.11.26"]
[SourceQuality "1"]

1. Nf3 Nf6 2. g3 d5 3. Bg2 g6 4. d4 Bg7 5. 0-0 0-0 6. Nbd2 c5 7. c4 dxc4 8. Nxc4 Nc6 9. dxc5 Be6 10. Nce5 Nxe5 11. Nxe5 Nd5 12. Nd3 Rc8 13. Bf4 Nxf4 14. Nxf4 Bf5 15. Bxb7 Rxc5 16. e4 Bd7 17. Nd3 Rc7 18. Bd5 e6 19. Bb3 Bb5 20. Nf4 Bxf1 21. Qxf1 Bxb2 22. Rd1 Qe7 23. Qa6 Rc1 24. Rxc1 Bxc1 25. Nd3 Ba3 26. Ne5 Bc5 27. Nxf7 Kxf7 0-1

[Event "Rio de Janeiro Ferreira Memorial"]
[Site "Rio de Janeiro"]
[Date "2007.12.15"]
[Round "9"]
[White "De Asis Dirceu, Viana Jr"]
[Black "Brunner Beamud, Alfonso"]
[Result "1-0"]
[WhiteElo "2266"]
[BlackElo "2080"]
[PlyCount "47"]
[EventDate "2007.10.20"]
[EventType "tourn"]
[EventRounds "11"]
[EventCountry "BRA"]
[SourceTitle "EXT 2009"]
[Source "ChessBase"]
[SourceDate "2008.11.26"]
[SourceVersion "1"]
[SourceVersionDate "2008.11.26"]
[SourceQuality "1"]

1. Nf3 Nf6 2. d4 g6 3. Nc3 d5 4. Bf4 c6 5. e3 Bg7 6. Be2 0-0 7. h4 Bg4 8. Ne5 Bxe2 9. Qxe2 Nbd7 10. 0-0-0 Nxe5 11. Bxe5 Ne8 12. h5 f6 13. Bg3 g5 14. h6 Bh8 15. f4 Nd6 16. fxg5 fxg5 17. Kb1 e6 18. Qg4 Qe7 19. Bxd6 Qxd6 20. Qxg5+ Kf7 21. Rdf1+ Ke8 22. Rxf8+ Qxf8 23. Ne2 Qf6 24. Qg8+ 1-0

[Event "Rio de Janeiro Ferreira Memorial"]
[Site "Rio de Janeiro"]
[Date "2007.11.29"]
[Round "11"]
[White "Brunner Beamud, Alfonso"]
[Black "Ramos, Angelo Bil"]
[Result "0-1"]
[WhiteElo "2080"]
[BlackElo "2197"]
[PlyCount "98"]
[EventDate "2007.10.20"]
[EventType "tourn"]
[EventRounds "11"]
[EventCountry "BRA"]
[SourceTitle "EXT 2009"]
[Source "ChessBase"]
[SourceDate "2008.11.26"]
[SourceVersion "1"]
[SourceVersionDate "2008.11.26"]
[SourceQuality "1"]

1. d4 Nf6 2. c4 g6 3. Nf3 Bg7 4. g3 c6 5. Bg2 d5 6. Nc3 0-0 7. cxd5 cxd5 8. 0-0 Ne4 9. Nxe4 dxe4 10. Ne5 f6 11. Qb3+ e6 12. Nc4 Qd5 13. Bd2 Nc6 14. Bc3 b5 15. Nd2 f5 16. e3 b4 17. f3 Qxb3 18. Nxb3 bxc3 19. bxc3 Ba6 20. Rfc1 Rac8 21. fxe4 Bh6 22. Re1 Ne7 23. Nc5 Bc4 24. a4 Rfe8 25. a5 Bg7 26. a6 Rxc5 27. dxc5 Bxc3 28. Rac1 Bxe1 29. Rxc4 fxe4 30. Rxe4 Rc8 31. Rxe6 Kf7 32. Rd6 Bb4 33. Rd7 Bxc5 34. Bb7 Rf8 35. Rd3 Ke6 36. Kg2 Bb6 37. g4 Rd8 38. Rxd8 Bxd8 39. Kf3 Ke5 40. h3 Nd5 41. e4 Nb4 42. Kg3 g5 43. Kf3 Kd4 44. Bc8 h6 45. Bb7 Bc7 46. Bc8 Be5 47. Bb7 Nd3 48. Bc6 Nc5 49. Bb7 Nxb7 0-1

[Event "Rio de Janeiro Ferreira Memorial"]
[Site "Rio de Janeiro"]
[Date "2007.11.24"]
[Round "10"]
[White "Chauca, Jose Luis Murga"]
[Black "Brunner Beamud, Alfonso"]
[Result "1-0"]
[WhiteElo "2139"]
[BlackElo "2080"]
[PlyCount "81"]
[EventDate "2007.10.20"]
[EventType "tourn"]
[EventRounds "11"]
[EventCountry "BRA"]
[SourceTitle "EXT 2009"]
[Source "ChessBase"]
[SourceDate "2008.11.26"]
[SourceVersion "1"]
[SourceVersionDate "2008.11.26"]
[SourceQuality "1"]

1. e4 e6 2. d3 d5 3. Nd2 c5 4. g3 Nc6 5. Bg2 Nf6 6. Ne2 Be7 7. 0-0 0-0 8. h3 b6 9. b3 Bb7 10. Bb2 Qc7 11. a3 b5 12. c4 bxc4 13. bxc4 d4 14. f4 e5 15. Qc2 Bd6 16. f5 Be7 17. g4 h6 18. Nf3 Nh7 19. Kf2 Ng5 20. Neg1 Rfb8 21. h4 Nxf3 22. Nxf3 f6 23. Bc1 Qd8 24. Bd2 Bc8 25. Rfb1 Bd7 26. Bf1 Rxb1 27. Rxb1 Rb8 28. Be2 Rxb1 29. Qxb1 Qb6 30. Qg1 Qd8 31. g5 fxg5 32. hxg5 hxg5 33. Nxg5 Bf6 34. Qg3 Qf8 35. Qh4 Bxg5 36. Bxg5 Be8 37. Ke1 Bf7 38. f6 Bg6 39. Bg4 Qf7 40. Qh3 Kf8 41. Be6 1-0

[Event "Rio de Janeiro Ferreira Memorial"]
[Site "Rio de Janeiro"]
[Date "2007.11.03"]
[Round "5"]
[White "Santos Filho, Tadeu Souza"]
[Black "Brunner Beamud, Alfonso"]
[Result "1-0"]
[WhiteElo "2118"]
[BlackElo "2080"]
[PlyCount "83"]
[EventDate "2007.10.20"]
[EventType "tourn"]
[EventRounds "11"]
[EventCountry "BRA"]
[SourceTitle "EXT 2009"]
[Source "ChessBase"]
[SourceDate "2008.11.26"]
[SourceVersion "1"]
[SourceVersionDate "2008.11.26"]
[SourceQuality "1"]

1. e4 c5 2. Nf3 d6 3. d4 cxd4 4. Nxd4 Nf6 5. f3 a6 6. c4 e6 7. Be3 Be7 8. Nc3 Nc6 9. Rc1 Bd7 10. Be2 0-0 11. 0-0 Nxd4 12. Qxd4 Bc6 13. b4 e5 14. Qd1 Rc8 15. a4 b6 16. Qb3 Bd7 17. Rfd1 Qc7 18. b5 a5 19. Nd5 Nxd5 20. cxd5 Qb8 21. Rc6 Bxc6 22. bxc6 Rce8 23. Qxb6 Qxb6 24. Bxb6 Rb8 25. Bc7 Rbc8 26. Bb6 Rb8 27. Ba7 Ra8 28. Be3 Rfc8 29. f4 exf4 30. Bxf4 g5 31. Bg3 f6 32. Bg4 Rc7 33. Rb1 Kg7 34. Rb5 Kg6 35. Bf2 Ra6 36. Rb8 h5 37. Bf5+ Kg7 38. Be6 Kg6 39. Kf1 Kg7 40. Ke2 f5 41. Bd4+ Bf6 42. Rg8+ 1-0

[Event "Rio de Janeiro Angelo Bil op"]
[Site "Rio de Janeiro"]
[Date "2006.05.27"]
[Round "3"]
[White "Machado, Wallace Fernandes"]
[Black "Brunner Beamud, Alfonso"]
[Result "0-1"]
[WhiteElo "1966"]
[BlackElo "2101"]
[PlyCount "115"]
[EventDate "2006.05.13"]
[EventType "swiss"]
[EventRounds "7"]
[EventCountry "BRA"]
[SourceTitle "EXT 2007"]
[Source "ChessBase"]
[SourceDate "2006.11.23"]
[SourceVersion "1"]
[SourceVersionDate "2006.11.23"]
[SourceQuality "1"]

1. e4 c5 2. Nf3 d6 3. d4 cxd4 4. Nxd4 Nf6 5. Nc3 a6 6. Bg5 e5 7. Nb3 Be7 8. Qd2 Be6 9. f3 Nbd7 10. 0-0-0 0-0 11. g4 b5 12. Kb1 b4 13. Bxf6 Nxf6 14. Ne2 a5 15. g5 Nd7 16. h4 Bxb3 17. cxb3 a4 18. Qxb4 axb3 19. Qxb3 Nc5 20. Qc2 Qb6 21. Nc3 Rfc8 22. Nd5 Qb7 23. Rc1 Rxa2 24. Kxa2 Ra8+ 25. Kb1 Nb3 26. Qc8+ Rxc8 27. Rxc8+ Bf8 28. Ba6 Qa7 29. h5 Nd2+ 30. Kc1 Nxf3 31. h6 Nxg5 32. hxg7 Kxg7 33. Bd3 Qd4 34. Rd1 Ne6 35. Kb1 Kg6 36. Bc2 Qf2 37. Bd3 h5 38. Rf1 Qd4 39. Bc2 h4 40. Rf6+ Kg7 41. Rc3 Nf4 42. Rc7 Qg1+ 43. Ka2 Ng6 44. Rcxf7+ Kh6 45. Rxf8 Kg7 46. R6f7+ Kh6 47. Rg8 h3 48. Ne7 h2 49. Nf5+ Kg5 50. Ne7 Qa7+ 51. Kb3 Qb6+ 52. Ka2 Qa5+ 53. Kb3 Qb5+ 54. Ka2 Qc4+ 55. Ka3 Qxf7 56. Rxg6+ Qxg6 57. Nxg6 h1Q 58. Ne7 0-1

[Event "Emmanuel Nogueira Memorial"]
[Site "Rio de Janeiro"]
[Date "2005.07.23"]
[Round "7"]
[White "Brunner Beamud, Alfonso"]
[Black "Chauca, Jose Luis Murga"]
[Result "1/2-1/2"]
[WhiteElo "2061"]
[BlackElo "2126"]
[PlyCount "92"]
[EventDate "2005.06.11"]
[EventType "tourn"]
[EventRounds "9"]
[EventCountry "BRA"]
[SourceTitle "EXT 2007"]
[Source "ChessBase"]
[SourceDate "2006.11.23"]
[SourceVersion "1"]
[SourceVersionDate "2006.11.23"]
[SourceQuality "1"]

1. c4 e5 2. Nc3 Nf6 3. e4 Bb4 4. d3 0-0 5. Nge2 c6 6. a3 Be7 7. Qb3 Na6 8. g3 Nc5 9. Qd1 a5 10. Na4 d5 11. cxd5 cxd5 12. Be3 Nxa4 13. Qxa4 Ng4 14. Bg2 Nxe3 15. fxe3 Qb6 16. exd5 Qxe3 17. Qe4 Qb6 18. d4 exd4 19. Qxe7 Bg4 20. Qg5 Bxe2 21. Kxe2 Qxb2+ 22. Kf3 Rfe8 23. Rae1 Qxa3+ 24. Kg4 Qd6 25. Rhf1 a4 26. Qf5 f6 27. Re6 Rxe6 28. Qxe6+ Qxe6+ 29. dxe6 Rb8 30. Bd5 Kf8 31. Rc1 d3 32. Rd1 Ke7 33. Rxd3 Rd8 34. Kf4 b5 35. Ke3 b4 36. Bc4 Rb8 37. Rd7+ Ke8 38. Rxg7 Rb6 39. Rxh7 b3 40. Rh8+ Ke7 41. Rh7+ Ke8 42. Kd2 b2 43. Rh8+ Ke7 44. Rh7+ Ke8 45. Rh8+ Ke7 46. Rh7+ Ke8 1/2-1/2

[Event "Emmanuel Nogueira Memorial"]
[Site "Rio de Janeiro"]
[Date "2005.07.14"]
[Round "6"]
[White "Ramos, Angelo Bil"]
[Black "Brunner Beamud, Alfonso"]
[Result "1/2-1/2"]
[WhiteElo "2142"]
[BlackElo "2061"]
[PlyCount "78"]
[EventDate "2005.06.11"]
[EventType "tourn"]
[EventRounds "9"]
[EventCountry "BRA"]
[SourceTitle "EXT 2007"]
[Source "ChessBase"]
[SourceDate "2006.11.23"]
[SourceVersion "1"]
[SourceVersionDate "2006.11.23"]
[SourceQuality "1"]

1. e4 e6 2. d4 d5 3. Nd2 Nf6 4. e5 Nfd7 5. Bd3 c5 6. c3 Nc6 7. Ne2 cxd4 8. cxd4 f6 9. exf6 Nxf6 10. Nf3 Bd6 11. 0-0 Qc7 12. g3 0-0 13. Bf4 e5 14. dxe5 Nxe5 15. Nxe5 Bxe5 16. Rc1 Qd6 17. Qd2 Bg4 18. Bxe5 Qxe5 19. f3 Bd7 20. Rfe1 Rac8 21. Rxc8 Rxc8 22. Nf4 Qd4+ 23. Qf2 Qb4 24. a3 Qa5 25. g4 Rf8 26. Rf1 g5 27. Nh3 h6 28. Qd4 Bb5 29. Qc5 a6 30. Bf5 Re8 31. Bd3 Qd2 32. Bxb5 axb5 33. Qxb5 Qe3+ 34. Kg2 Re7 35. Qa5 d4 36. Nf2 Kf7 37. Qf5 Re5 38. Qc2 Nd5 39. Qc4 Kg7 1/2-1/2

[Event "Emmanuel Nogueira Memorial"]
[Site "Rio de Janeiro"]
[Date "2005.06.25"]
[Round "3"]
[White "Brunner Beamud, Alfonso"]
[Black "Rocha, Joao Batista Jose"]
[Result "1-0"]
[WhiteElo "2061"]
[BlackElo "2075"]
[PlyCount "83"]
[EventDate "2005.06.11"]
[EventType "tourn"]
[EventRounds "9"]
[EventCountry "BRA"]
[SourceTitle "EXT 2007"]
[Source "ChessBase"]
[SourceDate "2006.11.23"]
[SourceVersion "1"]
[SourceVersionDate "2006.11.23"]
[SourceQuality "1"]

1. c4 c5 2. Nc3 e6 3. e4 Nc6 4. g3 g6 5. Bg2 Bg7 6. Nge2 a6 7. 0-0 Nf6 8. d3 0-0 9. f4 d6 10. h3 Qc7 11. Be3 b6 12. a3 Bb7 13. Qc2 Rac8 14. f5 Nd7 15. Rf2 Rce8 16. Qd2 Nd4 17. fxe6 fxe6 18. Raf1 Rxf2 19. Rxf2 Ne5 20. Nf4 Nf7 21. Nce2 e5 22. Nd5 Bxd5 23. exd5 b5 24. Nc3 bxc4 25. dxc4 Nf5 26. Ne4 Nxe3 27. Qxe3 Qe7 28. b4 cxb4 29. axb4 Qb7 30. Qc3 Rb8 31. c5 dxc5 32. bxc5 Qb1+ 33. Rf1 Qb5 34. Rxf7 Bf8 35. Rf1 Rc8 36. d6 Kh8 37. Rxf8+ Rxf8 38. Qxe5+ Kg8 39. Nf6+ Rxf6 40. Qxf6 Qxc5+ 41. Kh2 Qb6 42. Bd5# 1-0